Statistics for Country names containing man / men / min / mon / mun

Click here to take the quiz!

General Stats

  • This quiz has been taken 32 times
  • The average score is 6 of 12

Answer Stats

HintCountry% Correct
monMonaco
65%
monMongolia
62%
monMontenegro
62%
manOman
62%
manRomania
62%
menTurkmenistan
62%
menYemen
58%
manGermany
50%
menArmenia
42%
minDominica
35%
minDominican Republic
35%
monSolomon Islands
35%

Score Distribution

Percentile by Number Answered

Percent of People with Each Score

Your Score History

You have not taken this quiz